Score 0/30 Timer 03:00
0 Plays Today
% Correct
List
97.8%
Wild
96.5%
Love
94.9%
With
94.2%
Mission
94.2%
Book
93.3%
Like
92.5%
Total
92.5%
About
91.8%
Knight
91.8%
Red
90.8%
Miami
90.1%
Goblet
90.1%
King's
88.6%
Night
87.1%
% Correct
Report
83.7%
Sleepy
82.1%
Horse
80.6%
Begins
78.3%
Man
67.9%
Booth
67.8%
Park
62.8%
Eli
52.5%
Week
51.7%
Point
48.5%
Henry
48.4%
Jurassic
48.4%
Next
36.5%
Rush
32.1%
Rocked
26.2%

Today's Daily Dose

Missing Word
I Hardly Know Her!

Word Ladder
Sentence Ending

Quick Pick
Female Firsts

Get the Picture
Triathlon Sports

Remove Ads.
Support Sporcle.
Get the best of Sporcle when you Go Orange. This ad-free experience offers more features, more stats, and more fun while also helping to support Sporcle. Thank you for becoming a member.

You're not logged in!

Compare scores with friends on all Sporcle quizzes.
OR
Log In

Show Comments

Extras

Top Quizzes Today


Score Distribution

Your Account Isn't Verified!

In order to create a playlist on Sporcle, you need to verify the email address you used during registration. Go to your Sporcle Settings to finish the process.

Report this User

Report this user for behavior that violates our Community Guidelines.

Details: